Les enfoirés - Statistiques

Statistiques générales
  • Ce quiz a été pris 245 fois
  • Le résultat moyen est 18 sur 39
Statistiques - réponses
Hint Réponse % Correct
27 Jean-Jacques Goldman
93%
29 Patrick Bruel
87%
25 Mimie Mathy
81%
25 Zazie
74%
18 Jenifer
72%
15 Garou
69%
24 Patrick Fiori
68%
15 Amel Bent
60%
16 Pascal Obispo
60%
21 Michèle Laroque
59%
17 Muriel Robin
57%
27 Michael Jones
55%
22 Pierre Palmade
53%
14 Kad Merad
52%
12 Christophe Maé
50%
15 Gérard Jugnot
50%
19 Jean-Louis Aubert
50%
14 Nolwenn Leroy
47%
22 Liane Foly
46%
17 Claire Keim
45%
22 Maxime Le Forestier
43%
21 MC Solaar
40%
12 Bénabar
39%
13 Christophe Willem
39%
14 Maurane
39%
15 Francis Cabrel
36%
15 Marc Lavoine
36%
14 Jean-Baptiste Maunier
35%
14 Julien Clerc
35%
16 Hélène Ségara
32%
15 Patricia Kaas
29%
10 Nicolas Canteloup
27%
11 Natasha St-Pier
26%
11 Catherine Lara
25%
15 Lââm
25%
11 Yannick Noah
24%
11 Elsa
22%
19 Lorie Pester
22%
12 Patrick Timsit
16%
Aucun quiz correspondant
Distribution des résultats
% des personnes avec chaque résultat
Percentile par nombre de réponses
Votre historique - résultats
Vous n’avez pas pris ce quiz